00512naa a2200169 a 450000100080000000500110000800800410001910000130006024500650007326000090013830000100014750000110015765300180016865300200018670000160020677301200022210340712005-02-16 2001 bl uuuu u00u1 u #d1 aNORA, I. aEstudo dos insetos e acaros associados a pereiras japonesas. c2001 ap.151 aPoster aPera japonesa aPraga de planta1 aSUGIURA, T. tSEMINARIO SOBRE FRUTICULTURA DE CLIMA TEMPERADO, 1., 2001, Florianopolis, SC. Anais... Florianopolis: Epagri, 2001.